<?xml version="1.0" encoding="UTF-8"?>
<collection xmlns="http://www.loc.gov/MARC21/slim">
 <record>
  <leader>00572pamaa2200169   4500</leader>
  <controlfield tag="001">0000020519</controlfield>
  <controlfield tag="005">20091027090000.0</controlfield>
  <datafield tag="020" ind1="0" ind2="0">
   <subfield code="a">0674156269 </subfield>
  </datafield>
  <datafield tag="082" ind1=" " ind2=" ">
   <subfield code="a">004.0904 EAM</subfield>
  </datafield>
  <datafield tag="090" ind1="0" ind2="0">
   <subfield code="a">QA76.17 </subfield>
   <subfield code="b">EAM 1990</subfield>
  </datafield>
  <datafield tag="100" ind1="1" ind2="0">
   <subfield code="a">EAMES </subfield>
  </datafield>
  <datafield tag="245" ind1="1" ind2="2">
   <subfield code="a">A computer perspective : </subfield>
   <subfield code="b">background to the computer age  </subfield>
   <subfield code="c">by the office of Charles &amp; Ray Eames ; introduction by I. Bernard Cohen ; epilogue by Brian Randell.</subfield>
  </datafield>
  <datafield tag="250" ind1="0" ind2="0">
   <subfield code="a">New edition.</subfield>
  </datafield>
  <datafield tag="260" ind1="0" ind2="0">
   <subfield code="a">Cambridge: </subfield>
   <subfield code="b">Harvard University Press, </subfield>
   <subfield code="c">1990.</subfield>
  </datafield>
  <datafield tag="300" ind1=" " ind2=" ">
   <subfield code="a">174p.: </subfield>
   <subfield code="b">ill.; </subfield>
   <subfield code="c">22cm.</subfield>
  </datafield>
  <datafield tag="650" ind1="0" ind2="0">
   <subfield code="a">Computers -- </subfield>
   <subfield code="x">History </subfield>
  </datafield>
  <datafield tag="700" ind1="1" ind2="1">
   <subfield code="a">EAMES, </subfield>
   <subfield code="h">Ray </subfield>
  </datafield>
 </record>
</collection>
